|
|
|
|
| LEADER |
02053nam a2200541 a 4500 |
| 001 |
nkc20132481145 |
| 003 |
CZ PrNK |
| 005 |
20140514083150.0 |
| 007 |
ta |
| 008 |
131119s2013 xr a e f 001 0 cze |
| 015 |
|
|
|a cnb002481145
|
| 020 |
|
|
|a 978-80-255-0714-8
|q (váz.)
|
| 035 |
|
|
|a (OCoLC)867819272
|
| 040 |
|
|
|a ABA001
|b cze
|
| 041 |
1 |
|
|a cze
|h eng
|
| 072 |
|
7 |
|a 638
|x Včelařství
|2 Konspekt
|9 24
|
| 080 |
|
|
|a 638.1
|2 MRF
|
| 080 |
|
|
|a 595.799
|2 MRF
|
| 080 |
|
|
|a 638.14
|2 MRF
|
| 080 |
|
|
|a (035)
|2 MRF
|
| 080 |
|
|
|a (084.12)
|2 MRF
|
| 100 |
1 |
|
|a Cramp, David
|7 osa2013789344
|4 aut
|
| 245 |
1 |
0 |
|a Včelařství :
|b obrazový průvodce : od pořízení včelstev po medobraní : více než 400 návodných fotografií /
|c David Cramp ; s fotografiemi Roberta Picketta ; [z anglického originálu ... přeložila a odborně lektorovala Kateřina Pisková]
|
| 246 |
3 |
|
|a Obrazový průvodce včelařství
|
| 250 |
|
|
|a 1. vyd.
|
| 260 |
|
|
|a Čestlice :
|b Rebo,
|c 2013
|
| 300 |
|
|
|a 160 s. :
|b barev. il. ;
|c 31 cm
|
| 500 |
|
|
|a Terminologický slovník
|
| 500 |
|
|
|a Obsahuje rejstřík
|
| 650 |
0 |
7 |
|a včelařství
|7 ph116666
|2 czenas
|
| 650 |
0 |
7 |
|a včely
|7 ph116667
|2 czenas
|
| 650 |
0 |
7 |
|a chov včel
|7 ph167611
|2 czenas
|
| 650 |
0 |
9 |
|a bee culture
|2 eczenas
|
| 650 |
0 |
9 |
|a Apoidea
|2 eczenas
|
| 650 |
0 |
9 |
|a bee keeping
|2 eczenas
|
| 655 |
|
7 |
|a příručky
|7 fd133209
|2 czenas
|
| 655 |
|
7 |
|a fotografické publikace
|7 fd132276
|2 czenas
|
| 655 |
|
9 |
|a handbooks and manuals
|2 eczenas
|
| 655 |
|
9 |
|a photographical works
|2 eczenas
|
| 700 |
1 |
|
|a Pickett, Robert
|7 pna2006352683
|4 pht
|
| 765 |
0 |
|
|t Beekeeping
|9 Česky
|
| 910 |
2 |
|
|a BOA001
|b 4-1315.111
|
| 990 |
|
|
|a BK
|
| 995 |
|
|
|a 01
|
| 991 |
|
|
|b 201312
|c NOV
|e n
|
| 996 |
6 |
|
|b 2610570119
|c 4-1315.111
|l MZK
|r Sklad / do 1 hodiny
|n 5
|p p.v.
|w 001382345
|u 000010
|a 1
|e BOA001
|j MZK50
|s P
|
| 996 |
7 |
|
|b 2610591421
|c 4-1315.111
|l Vol.výběr
|r VV 1p
|n 24
|p kup
|h 638 CRA
|w 001382345
|u 000020
|a 0
|e BOA001
|j MZK50
|s A
|
| 996 |
7 |
|
|b 2610591422
|c 4-1315.111
|l Vol.výběr
|r VV 1p
|n 19
|p kup
|h 638 CRA
|w 001382345
|u 000030
|a 0
|e BOA001
|j MZK50
|s A
|